"CAYÚN, BEATRIZ ESTER S/ INCENDIO SEGUIDO DE MUERTE"/ (Record no. 1273)

MARC details
000 -CABECERA
Campo de control de longitud fija 01175nam a22003257a 4500
005 - FECHA Y HORA DE LA ULTIMA TRANSACCION (NR)
Campo de control 20260422123134.0
008 - ELEMENTOS DE LONGITUD FIJA -- INFORMACION GENERAL (NR)
Campo de control de longitud fija 260422b2026 ag ||||| |||| 00| 0 spa d
020 ## - TIPO DE RESOLUCION Y NUMERO
Número de Resolución TI Audiencia in Voce - Cuestión Preliminar - Sentencia /26 fecha 17/4/26
Tipo de Resolución In Voce
110 ## - ASIENTO PRINCIPAL--NOMBRE CORPORATIVO (NR)
Nombre corporativo o de jurisdicción como elemento de entrada (NR) Tribunal de Impugnación
9 (RLIN) 1
245 ## - CARATULA
Caratula "CAYÚN, BEATRIZ ESTER S/ INCENDIO SEGUIDO DE MUERTE"/
Mención de responsabilidad, etc. (NR) Tribunal de Impugnación
300 ## - DESCRIPCION FISICA (R)
Extensión (R) 00:07:57
518 ## - NOTA DE FECHA/HORA Y LUGAR DE UN EVENTO (R)
Fecha de la Resolución (NR) 17/04/26
653 ## - TERMINO DE INDIZACION - NO CONTROLADO (R)
Término de indización no controlado (R) ANIMUS CURIAE
653 ## - TERMINO DE INDIZACION - NO CONTROLADO (R)
Término de indización no controlado (R) AMIGOS DEL TRIBUNAL
653 ## - TERMINO DE INDIZACION - NO CONTROLADO (R)
Término de indización no controlado (R) ASOCIACIONES CIVILES
653 ## - TERMINO DE INDIZACION - NO CONTROLADO (R)
Término de indización no controlado (R) PARTICIPACIÓN CIUDADANA
653 ## - TERMINO DE INDIZACION - NO CONTROLADO (R)
Término de indización no controlado (R) Ac. 7/2013 CSJN
653 ## - TERMINO DE INDIZACION - NO CONTROLADO (R)
Término de indización no controlado (R) CUESTIONES DE TRASCENDENCIA COLECTIVA
653 ## - TERMINO DE INDIZACION - NO CONTROLADO (R)
Término de indización no controlado (R) INTERÉS GENERAL
653 ## - TERMINO DE INDIZACION - NO CONTROLADO (R)
Término de indización no controlado (R) DERECHOS DE INCIDENCIA COLECTIVA
653 ## - TERMINO DE INDIZACION - NO CONTROLADO (R)
Término de indización no controlado (R) DEBIDO PROCESO
653 ## - TERMINO DE INDIZACION - NO CONTROLADO (R)
Término de indización no controlado (R) PRINCIPIO DEL CONTRADICTORIO
653 ## - TERMINO DE INDIZACION - NO CONTROLADO (R)
Término de indización no controlado (R) PROCESO ADVERSARIAL
700 ## - FIRMANTES - NOMBRE PERSONAL (R)
Nombre personal (NR) Juan Jose Nazareno Eulogio
9 (RLIN) 42
700 1# - FIRMANTES - NOMBRE PERSONAL (R)
Nombre personal (NR) Patricia Romina Lupica Cristo
9 (RLIN) 48
700 1# - FIRMANTES - NOMBRE PERSONAL (R)
Nombre personal (NR) Macagno, Mauricio
9 (RLIN) 284
774 ## - NUMERO DE LEGAJO
Número de Legajo LEG 50239/24
856 ## - LOCALIZACION Y ACCESO ELECTRONICOS (R)
Identificador Uniforme del Recurso (“URI”) (R) <a href="https://drive.google.com/file/d/1Pb1lPyYXAh7fK1Tejm9vtPuK74PKMvTZ/view?usp=sharing">https://drive.google.com/file/d/1Pb1lPyYXAh7fK1Tejm9vtPuK74PKMvTZ/view?usp=sharing</a>
Texto del vínculo (R) Audiencia in Voce - Cuestión Preliminar
942 ## - Elementos Agregados (KOHA)
Fuente de clasificación o esquema de estanterías Dewey Decimal Classification
Tipo de material Koha (Default) In Voce

No items available.